[Event "Cheliabinsk Kibizov Memorial 8th"]
[Site "Cheliabinsk"]
[Date "2013.06.30"]
[Round "9"]
[White "Sharifov, Dzhamshed"]
[Black "Krapivin, Viktor"]
[Result "1-0"]
[WhiteElo "1697"]
[BlackElo "1869"]
[PlyCount "69"]
[EventDate "2013.06.22"]
[EventType "swiss"]
[EventRounds "9"]
[EventCountry "RUS"]
[SourceTitle "EXT 2014"]
[Source "ChessBase"]
[SourceDate "2013.11.20"]
[SourceVersion "1"]
[SourceVersionDate "2013.11.20"]
[SourceQuality "1"]

1. e4 c5 2. Nf3 d6 3. d4 cxd4 4. Nxd4 Nf6 5. Nc3 a6 6. Bg5 e6 7. f4 Be7 8. Be2 Qc7 9. f5 Nc6 10. Nxc6 bxc6 11. 0-0 Qb6+ 12. Kh1 Qxb2 13. Qd2 Qb6 14. Rab1 Qc7 15. Bf4 e5 16. Be3 Rb8 17. Rxb8 Qxb8 18. Rb1 Qc7 19. Bb6 Qd7 20. g4 h6 21. Bf3 Bd8 22. Be3 Nh7 23. Rd1 Bg5 24. Bxg5 Nxg5 25. Bg2 Ke7 26. h4 Nh7 27. Na4 Nf6 28. Bf3 h5 29. g5 Ng4 30. Nb6 Qc7 31. Nc4 d5 32. exd5 cxd5 33. Qb4+ Ke8 34. Nd6+ Kd8 35. Rxd5 1-0

[Event "Cheliabinsk-ch sf"]
[Site "Cheliabinsk"]
[Date "2012.12.20"]
[Round "6"]
[White "Radzhabov, Rodion"]
[Black "Krapivin, Viktor"]
[Result "1-0"]
[WhiteElo "1893"]
[BlackElo "1834"]
[PlyCount "51"]
[EventDate "2012.12.13"]
[EventType "swiss"]
[EventRounds "9"]
[EventCountry "RUS"]
[SourceTitle "EXT 2022"]
[Source "ChessBase"]
[SourceDate "2021.10.06"]
[SourceVersion "1"]
[SourceVersionDate "2021.10.06"]
[SourceQuality "1"]

1. e4 c5 2. Nf3 d6 3. d4 cxd4 4. Qxd4 Nc6 5. Bb5 Bd7 6. Bxc6 Bxc6 7. Nc3 e6 8. Bg5 Nf6 9. 0-0-0 Be7 10. Qd3 Qc7 11. Kb1 a6 12. Nd4 0-0-0 13. f3 Kb8 14. Be3 Ka8 15. Nxc6 Qxc6 16. Qd4 Kb8 17. Na4 Nd7 18. Rd3 e5 19. Qa7+ Kc7 20. Rc3 Nc5 21. Nxc5 dxc5 22. Bxc5 Ra8 23. Bb6+ Kd7 24. Rd1+ Bd6 25. Rxc6 Kxc6 26. Rxd6+ 1-0

[Event "Cheliabinsk-ch sf"]
[Site "Cheliabinsk"]
[Date "2012.12.15"]
[Round "2"]
[White "Kalinina, Natalia"]
[Black "Krapivin, Viktor"]
[Result "0-1"]
[WhiteElo "1648"]
[BlackElo "1834"]
[PlyCount "89"]
[EventDate "2012.12.13"]
[EventType "swiss"]
[EventRounds "9"]
[EventCountry "RUS"]
[SourceTitle "EXT 2022"]
[Source "ChessBase"]
[SourceDate "2021.10.06"]
[SourceVersion "1"]
[SourceVersionDate "2021.10.06"]
[SourceQuality "1"]

1. e4 c5 2. Nf3 d6 3. d4 cxd4 4. Nxd4 Nf6 5. Nc3 a6 6. Be2 e5 7. Nf3 Be7 8. 0-0 0-0 9. h3 Qc7 10. Be3 b5 11. Rc1 Bb7 12. Nd5 Nxd5 13. exd5 Nd7 14. b3 f5 15. c4 b4 16. Nh2 f4 17. Bd2 a5 18. Qc2 Nc5 19. Bd3 Nxd3 20. Qxd3 Bc8 21. f3 Bf5 22. Qe2 h5 23. Rfd1 Bh4 24. Be1 Bxe1 25. Rxe1 Rae8 26. Qf2 e4 27. fxe4 Rxe4 28. Rxe4 Bxe4 29. Qd4 Bg6 30. Rf1 Qe7 31. Rxf4 Rxf4 32. Qxf4 Qe1+ 33. Qf1 Qe3+ 34. Qf2 Qc1+ 35. Nf1 Bd3 36. g3 Qb1 37. Qf3 a4 38. Qf2 axb3 39. axb3 Qxb3 40. Qe3 Kh7 41. Qf3 Kg6 42. Qe3 Qd1 43. Qe6+ Kh7 44. Qf7 Qxf1+ 45. Qxf1 0-1

[Event "Cheliabinsk-ch sf"]
[Site "Cheliabinsk"]
[Date "2012.12.13"]
[Round "1"]
[White "Krapivin, Viktor"]
[Black "Fateev, Alexander"]
[Result "1/2-1/2"]
[WhiteElo "1834"]
[BlackElo "1673"]
[PlyCount "139"]
[EventDate "2012.12.13"]
[EventType "swiss"]
[EventRounds "9"]
[EventCountry "RUS"]
[SourceTitle "EXT 2022"]
[Source "ChessBase"]
[SourceDate "2021.10.06"]
[SourceVersion "1"]
[SourceVersionDate "2021.10.06"]
[SourceQuality "1"]

1. e4 e5 2. Nf3 Nc6 3. Bb5 d6 4. Bxc6+ bxc6 5. d4 exd4 6. Nxd4 Bd7 7. 0-0 Nf6 8. Nc3 Be7 9. Re1 0-0 10. e5 dxe5 11. Rxe5 Bd6 12. Re1 h6 13. Ne4 Nxe4 14. Rxe4 c5 15. Nf3 Bc6 16. Re1 Qf6 17. c3 Rad8 18. Qe2 Rfe8 19. Be3 Qg6 20. h3 Bd7 21. Kh1 Bc6 22. Nh4 Qf6 23. Qg4 Re4 24. f4 Rde8 25. Bd2 Rxe1+ 26. Rxe1 Rxe1+ 27. Bxe1 Qxf4 28. Qxf4 Bxf4 29. Bf2 Bd6 30. Nf5 Kf8 31. Nxd6 cxd6 32. b4 cxb4 33. cxb4 a6 34. Kg1 Ke7 35. Bd4 g6 36. Kf2 Ke6 37. a3 h5 38. g3 Kd5 39. Bb2 Kc4 40. Ke3 d5 41. h4 Kb3 42. Bc1 Kc3 43. Bd2+ Kc4 44. Be1 d4+ 45. Kd2 d3 46. Bf2 Bb5 47. Bc5 Kb3 48. Be7 Kxa3 49. Kc3 Ka4 50. Bd8 d2 51. Kxd2 Kxb4 52. Kc2 a5 53. Kb2 Ka4 54. Be7 Bc4 55. Bg5 Bd5 56. Bd8 Kb4 57. Be7+ Kb5 58. Bf6 Kc4 59. Be5 Be6 60. Bb8 Kd4 61. Bc7 a4 62. Bb8 Ke4 63. Bc7 f6 64. Bb8 Kf3 65. Bc7 Kg4 66. Bb8 f5 67. Bc7 g5 68. hxg5 Kxg5 69. Bb8 Kg4 70. Bc7 1/2-1/2

[Event "Cheliabinsk EKRO Cup 11th"]
[Site "Cheliabinsk"]
[Date "2012.05.06"]
[Round "6"]
[White "Mutav, Vladimir"]
[Black "Krapivin, Viktor"]
[Result "1/2-1/2"]
[WhiteElo "1839"]
[BlackElo "1875"]
[PlyCount "95"]
[EventDate "2012.05.02"]
[EventType "swiss"]
[EventRounds "9"]
[EventCountry "RUS"]
[SourceTitle "CBM 148 Extra"]
[Source "ChessBase"]
[SourceDate "2012.06.22"]
[SourceVersion "1"]
[SourceVersionDate "2012.06.22"]
[SourceQuality "1"]

1. d4 Nf6 2. Bf4 e6 3. Nf3 c5 4. e3 Qb6 5. Qc1 Nc6 6. c3 d5 7. Bd3 Be7 8. 0-0 0-0 9. Bg5 h6 10. Bxf6 Bxf6 11. Nbd2 Bd7 12. dxc5 Qxc5 13. Nb3 Qb6 14. Rd1 Rac8 15. Bf1 Na5 16. Nxa5 Qxa5 17. Qd2 Ba4 18. Rdc1 Bb5 19. Bxb5 Qxb5 20. Nd4 Qa5 21. Nb3 Qb6 22. Rd1 Rc7 23. g3 Rfc8 24. Qe2 a5 25. Nc1 a4 26. a3 Rc4 27. Na2 Qb5 28. Rd2 R4c5 29. Qxb5 Rxb5 30. Nb4 Be7 31. Nd3 f6 32. Nf4 Kf7 33. Rad1 g5 34. Nd3 Rb6 35. Kf1 Kg6 36. Ke2 Kf5 37. h3 h5 38. f3 Bd6 39. g4+ Kg6 40. Nb4 hxg4 41. hxg4 Rh8 42. Kd3 Rh3 43. Rf1 Bxb4 44. axb4 Ra6 45. Rdf2 a3 46. f4 d4 47. Kxd4 gxf4 48. exf4 1/2-1/2

[Event "Cheliabinsk Spassky 75 op"]
[Site "Cheliabinsk"]
[Date "2012.02.05"]
[Round "5"]
[White "Krapivin, Viktor"]
[Black "Znamensky, Nikolai"]
[Result "1-0"]
[WhiteElo "1888"]
[BlackElo "1790"]
[PlyCount "57"]
[EventDate "2012.01.29"]
[EventType "swiss"]
[EventRounds "9"]
[EventCountry "RUS"]
[SourceTitle "EXT 2014"]
[Source "ChessBase"]
[SourceDate "2013.11.20"]
[SourceVersion "1"]
[SourceVersionDate "2013.11.20"]
[SourceQuality "1"]

1. e4 Nf6 2. e5 Nd5 3. d4 d6 4. Nf3 Bg4 5. Be2 e6 6. 0-0 Be7 7. exd6 cxd6 8. c4 Nb6 9. b3 Nc6 10. Bb2 Bf6 11. Nbd2 d5 12. c5 Nd7 13. h3 Bh5 14. a3 0-0 15. b4 a6 16. Bc3 Qc7 17. Re1 Rfe8 18. Qb3 Rad8 19. a4 e5 20. dxe5 Ndxe5 21. Nxe5 Bxe2 22. Rxe2 Nxe5 23. Rae1 d4 24. Bb2 Re7 25. Nc4 d3 26. Bxe5 Bxe5 27. Rxe5 d2 28. Rxe7 dxe1Q+ 29. Rxe1 1-0

[Event "Cheliabinsk Spassky 75 op"]
[Site "Cheliabinsk"]
[Date "2012.02.02"]
[Round "3"]
[White "Ksenofontov, Nikolai"]
[Black "Krapivin, Viktor"]
[Result "1-0"]
[WhiteElo "1680"]
[BlackElo "1888"]
[PlyCount "81"]
[EventDate "2012.01.29"]
[EventType "swiss"]
[EventRounds "9"]
[EventCountry "RUS"]
[SourceTitle "EXT 2014"]
[Source "ChessBase"]
[SourceDate "2013.11.20"]
[SourceVersion "1"]
[SourceVersionDate "2013.11.20"]
[SourceQuality "1"]

1. d4 Nf6 2. c4 e6 3. Qc2 Be7 4. e4 d5 5. e5 Nfd7 6. Bd3 Nc6 7. Be3 Nb4 8. Qe2 Nxd3+ 9. Qxd3 dxc4 10. Qxc4 Nb6 11. Qc2 0-0 12. Nc3 Nd5 13. Nxd5 exd5 14. f4 f6 15. 0-0-0 fxe5 16. dxe5 Kh8 17. Qb3 c6 18. h3 a5 19. a4 Qc7 20. Qc3 Bb4 21. Qd4 Bf5 22. Nf3 Rad8 23. Qb6 Qc8 24. Rh2 c5 25. g4 Be6 26. f5 d4 27. Bg5 Rde8 28. f6 g6 29. Kb1 Bd5 30. Rf2 Bxf3 31. Rxf3 Re6 32. Qb5 Rf7 33. Qc4 Kg8 34. Rxd4 Rxe5 35. Rfd3 Re1+ 36. Ka2 Qe6 37. Rd8+ Rf8 38. Rxf8+ Kxf8 39. Rd8+ Kf7 40. Rd7+ Kg8 41. f7+ 1-0

[Event "Cheliabinsk Spassky 75 op"]
[Site "Cheliabinsk"]
[Date "2012.01.31"]
[Round "2"]
[White "Krapivin, Viktor"]
[Black "Subbotin, Valery"]
[Result "0-1"]
[WhiteElo "1888"]
[BlackElo "1964"]
[PlyCount "64"]
[EventDate "2012.01.29"]
[EventType "swiss"]
[EventRounds "9"]
[EventCountry "RUS"]
[SourceTitle "EXT 2014"]
[Source "ChessBase"]
[SourceDate "2013.11.20"]
[SourceVersion "1"]
[SourceVersionDate "2013.11.20"]
[SourceQuality "1"]

1. e4 c5 2. Nf3 d6 3. d4 cxd4 4. Nxd4 Nf6 5. Nc3 g6 6. f3 Bg7 7. Be3 Nc6 8. Bc4 0-0 9. Qd2 Bd7 10. Bb3 Rc8 11. 0-0-0 Ne5 12. Kb1 a6 13. g4 b5 14. h4 h5 15. gxh5 Nxh5 16. Qg2 Rxc3 17. bxc3 Qc7 18. Ne2 a5 19. a3 Nc4 20. Bxc4 Qxc4 21. Bd4 Bh6 22. Nc1 e5 23. Bxe5 dxe5 24. Rxd7 Qxc3 25. Rd3 Qc4 26. Ne2 b4 27. axb4 axb4 28. Rhd1 Kg7 29. Qh2 Nf4 30. Nxf4 Bxf4 31. Qf2 Ra8 32. Rb3 Qa6 0-1

[Event "Cheliabinsk-ch sf"]
[Site "Cheliabinsk"]
[Date "2011.12.22"]
[Round "6"]
[White "Tsigelnik, Alexander"]
[Black "Krapivin, Viktor"]
[Result "0-1"]
[WhiteElo "1683"]
[BlackElo "1888"]
[PlyCount "74"]
[EventDate "2011.12.11"]
[EventType "swiss"]
[EventRounds "9"]
[EventCountry "RUS"]
[SourceTitle "EXT 2022"]
[Source "ChessBase"]
[SourceDate "2021.10.06"]
[SourceVersion "1"]
[SourceVersionDate "2021.10.06"]
[SourceQuality "1"]

1. e4 c5 2. Nf3 d6 3. d4 cxd4 4. Nxd4 Nf6 5. Nc3 a6 6. Bc4 e6 7. Be3 Be7 8. f3 Qc7 9. Bb3 b5 10. a3 Bb7 11. Bxe6 fxe6 12. Nxe6 Qd7 13. Nxg7+ Kf7 14. Nf5 Rd8 15. Qe2 Qc6 16. g4 Qc4 17. g5 Qxe2+ 18. Nxe2 Nfd7 19. 0-0-0 Ne5 20. Rhf1 Nbc6 21. h4 Rac8 22. h5 b4 23. a4 b3 24. c3 Nc4 25. f4 Nxe3 26. Nxe3 Na5 27. Rd4 d5 28. g6+ hxg6 29. hxg6+ Kxg6 30. f5+ Kf7 31. e5 Bc5 32. e6+ Ke7 33. f6+ Kxe6 34. Nf5 Bxd4 35. Nexd4+ Kxf6 36. Nd6+ Ke7 37. Nxc8+ Bxc8 0-1

[Event "Cheliabinsk-ch sf"]
[Site "Cheliabinsk"]
[Date "2011.12.13"]
[Round "2"]
[White "Kazantsev, Nikita"]
[Black "Krapivin, Viktor"]
[Result "1-0"]
[WhiteElo "1742"]
[BlackElo "1888"]
[PlyCount "40"]
[EventDate "2011.12.11"]
[EventType "swiss"]
[EventRounds "9"]
[EventCountry "RUS"]
[SourceTitle "EXT 2022"]
[Source "ChessBase"]
[SourceDate "2021.10.06"]
[SourceVersion "1"]
[SourceVersionDate "2021.10.06"]
[SourceQuality "1"]

1. e4 c5 2. Nf3 d6 3. d4 cxd4 4. Nxd4 Nf6 5. Nc3 a6 6. Be2 e5 7. Nb3 Be7 8. 0-0 Be6 9. Be3 Qc7 10. Kh1 Nbd7 11. f4 0-0 12. f5 Bc4 13. g4 h6 14. Rg1 Nh7 15. Nd2 Bxe2 16. Qxe2 Bg5 17. Nf3 Bxe3 18. Qxe3 f6 19. Nd5 Qd8 20. Qb3 Nc5 1-0

[Event "Cheliabinsk Region Club-ch sf"]
[Site "Cheliabinsk"]
[Date "2011.10.12"]
[Round "9"]
[White "Gaisin, Nail"]
[Black "Krapivin, Viktor"]
[Result "1-0"]
[WhiteElo "1887"]
[BlackElo "1906"]
[PlyCount "99"]
[EventDate "2011.10.12"]
[EventType "swiss"]
[EventRounds "9"]
[EventCountry "RUS"]
[SourceTitle "EXT 2022"]
[Source "ChessBase"]
[SourceDate "2021.10.06"]
[SourceVersion "1"]
[SourceVersionDate "2021.10.06"]
[SourceQuality "1"]

1. e4 c5 2. Nc3 Nc6 3. g3 d6 4. Bg2 g6 5. d3 Bg7 6. f4 e6 7. Nf3 Nge7 8. 0-0 0-0 9. Ne2 Qc7 10. g4 f5 11. exf5 exf5 12. g5 a6 13. c3 b5 14. d4 Bb7 15. Be3 c4 16. h4 Nd5 17. Bf2 Rfe8 18. Qd2 Nce7 19. h5 gxh5 20. Ng3 Rf8 21. Nxh5 Ng6 22. Nxg7 Kxg7 23. Bg3 Rae8 24. Rae1 Qd8 25. Bh3 Bc8 26. Bg2 Nc7 27. d5 Rxe1 28. Rxe1 Re8 29. Nd4 Rxe1+ 30. Qxe1 Qe7 31. Qd2 Qf7 32. Nc6 Ne7 33. Nd8 Qg8 34. Qd4+ Kf8 35. Qf6+ Ke8 36. Qxd6 Ncxd5 37. Nc6 Qe6 38. Qd8+ Kf7 39. Ne5+ Kg7 40. Bf3 Ne3 41. Bf2 Ng4 42. Bd4 Nxe5 43. Bxe5+ Kf7 44. Qh8 Qg6 45. Qd8 Be6 46. Bf6 Ng8 47. Qc7+ Kf8 48. Be5 Qf7 49. Qd8+ Qe8 50. Bd6+ 1-0

[Event "Cheliabinsk Region Club-ch sf"]
[Site "Cheliabinsk"]
[Date "2011.10.12"]
[Round "2"]
[White "Krapivin, Viktor"]
[Black "Preobrazhensky, Anatoly"]
[Result "1-0"]
[WhiteElo "1906"]
[BlackElo "1765"]
[PlyCount "45"]
[EventDate "2011.10.12"]
[EventType "swiss"]
[EventRounds "9"]
[EventCountry "RUS"]
[SourceTitle "EXT 2022"]
[Source "ChessBase"]
[SourceDate "2021.10.06"]
[SourceVersion "1"]
[SourceVersionDate "2021.10.06"]
[SourceQuality "1"]

1. e4 e5 2. Nf3 d6 3. d4 exd4 4. Nxd4 Nf6 5. Nc3 Be7 6. Bc4 c5 7. Bb5+ Bd7 8. Bxd7+ Nbxd7 9. Nf5 0-0 10. 0-0 Ne5 11. Bg5 h6 12. Nxe7+ Qxe7 13. Nd5 Qd8 14. Bxf6 gxf6 15. Qh5 Kg7 16. Ne3 Rh8 17. Nf5+ Kf8 18. Rad1 Ng6 19. Rxd6 Qe8 20. Rxf6 Nf4 21. Qg4 Ne6 22. Rxe6 Qxe6 23. Qg7+ 1-0

[Event "Cheliabinsk Region Club-ch sf"]
[Site "Cheliabinsk"]
[Date "2011.10.12"]
[Round "1"]
[White "Protasov, Valery"]
[Black "Krapivin, Viktor"]
[Result "0-1"]
[WhiteElo "1665"]
[BlackElo "1906"]
[PlyCount "76"]
[EventDate "2011.10.12"]
[EventType "swiss"]
[EventRounds "9"]
[EventCountry "RUS"]
[SourceTitle "EXT 2022"]
[Source "ChessBase"]
[SourceDate "2021.10.06"]
[SourceVersion "1"]
[SourceVersionDate "2021.10.06"]
[SourceQuality "1"]

1. c4 Nf6 2. Nc3 c5 3. g3 e6 4. Bg2 Be7 5. e3 0-0 6. Nge2 d6 7. 0-0 a6 8. Qb3 Qc7 9. d4 Nbd7 10. d5 exd5 11. Nxd5 Nxd5 12. Bxd5 Nf6 13. Qd3 Nxd5 14. Qxd5 Be6 15. Qd3 b5 16. b3 Bf6 17. Rb1 Rab8 18. Bd2 Rb6 19. Nf4 bxc4 20. bxc4 Rxb1 21. Rxb1 Rb8 22. Nxe6 fxe6 23. Rb3 Rxb3 24. Qxb3 h6 25. Qa4 Qc8 26. Ba5 d5 27. Qb3 Qc6 28. Bc3 d4 29. exd4 cxd4 30. Bb2 Kf7 31. f3 e5 32. Qd3 Qa4 33. a3 Qa5 34. Kf2 Qb6 35. Bc1 a5 36. h3 a4 37. Qc2 d3+ 38. Be3 dxc2 0-1

[Event "Cheliabinsk-ch"]
[Site "Cheliabinsk"]
[Date "2011.03.05"]
[Round "8"]
[White "Krapivin, Viktor"]
[Black "Vasiliev, Sergey A"]
[Result "0-1"]
[WhiteElo "1955"]
[BlackElo "1961"]
[PlyCount "74"]
[EventDate "2011.02.26"]
[EventType "swiss"]
[EventRounds "9"]
[EventCountry "RUS"]
[SourceTitle "CBM 141 Extra"]
[Source "ChessBase"]
[SourceDate "2011.05.03"]
[SourceVersion "1"]
[SourceVersionDate "2011.05.03"]
[SourceQuality "1"]

1. e4 e5 2. Nf3 Nf6 3. Nxe5 d6 4. Nf3 Nxe4 5. d4 d5 6. Bd3 Be7 7. 0-0 0-0 8. c4 c6 9. Nc3 Nxc3 10. bxc3 b6 11. cxd5 cxd5 12. Re1 Nc6 13. Qc2 h6 14. Qe2 Be6 15. Bc2 Qc8 16. Qd3 f5 17. Ne5 Nxe5 18. Rxe5 Bd6 19. Re1 Qd7 20. Bb3 Kh8 21. c4 Bb4 22. cxd5 Bxd5 23. Bxd5 Qxd5 24. Re5 Qf7 25. Ba3 Bxa3 26. Qxa3 Rad8 27. Qb4 Rd7 28. Rae1 Rfd8 29. Qa3 Rxd4 30. Re7 Rd1 31. g3 Rxe1+ 32. Rxe1 Rd2 33. Re7 Qd5 34. Qc3 Rd1+ 35. Re1 Rxe1+ 36. Qxe1 Qxa2 37. h4 Qf7 0-1

[Event "Cheliabinsk-ch"]
[Site "Cheliabinsk"]
[Date "2011.02.28"]
[Round "3"]
[White "Krapivin, Viktor"]
[Black "Sviridov, Alexander"]
[Result "0-1"]
[WhiteElo "1955"]
[BlackElo "2245"]
[PlyCount "94"]
[EventDate "2011.02.26"]
[EventType "swiss"]
[EventRounds "9"]
[EventCountry "RUS"]
[SourceTitle "CBM 141 Extra"]
[Source "ChessBase"]
[SourceDate "2011.05.03"]
[SourceVersion "1"]
[SourceVersionDate "2011.05.03"]
[SourceQuality "1"]

1. e4 c5 2. Nf3 d6 3. d4 cxd4 4. Nxd4 Nf6 5. Nc3 a6 6. Be2 e5 7. Nb3 Be6 8. Bg5 Be7 9. Bxf6 Bxf6 10. Nd5 Bg5 11. 0-0 0-0 12. Qd3 Nd7 13. Rfd1 Rc8 14. c3 Nc5 15. Nxc5 Rxc5 16. Ne3 Bxe3 17. Qxe3 Qc7 18. Bf3 Rd8 19. Rd2 f6 20. h3 b6 21. Bd1 Qf7 22. Bg4 Bxg4 23. hxg4 Qe6 24. f3 Kf7 25. Rad1 Ke7 26. Rd5 Qc8 27. Qd3 Rxd5 28. Qxd5 Qc5+ 29. Kf1 Qxd5 30. Rxd5 Rc8 31. Ke2 Rh8 32. a4 h5 33. gxh5 Rxh5 34. Rd2 Ke6 35. Ke3 Rh1 36. Kd3 Ra1 37. b3 d5 38. exd5+ Kxd5 39. c4+ Ke6 40. g4 Rf1 41. Ke4 Rb1 42. Rd3 g6 43. Rc3 f5+ 44. gxf5+ gxf5+ 45. Ke3 Rb2 46. a5 f4+ 47. Ke4 Rd2 0-1

[Event "Cheliabinsk Region Club-ch qf"]
[Site "Cheliabinsk"]
[Date "2011.01.21"]
[Round "1"]
[White "Krapivin, Viktor"]
[Black "Medvedev, Sergey"]
[Result "1-0"]
[WhiteElo "1955"]
[BlackElo "1721"]
[PlyCount "33"]
[EventDate "2011.01.21"]
[EventType "swiss"]
[EventRounds "9"]
[EventCountry "RUS"]
[SourceTitle "EXT 2022"]
[Source "ChessBase"]
[SourceDate "2021.10.06"]
[SourceVersion "1"]
[SourceVersionDate "2021.10.06"]
[SourceQuality "1"]

1. e4 c5 2. Nf3 e6 3. d4 cxd4 4. Nxd4 a6 5. Be2 Nc6 6. 0-0 Nf6 7. Nxc6 bxc6 8. e5 Nd5 9. c4 Nc7 10. Bf4 Bc5 11. Nc3 Qe7 12. Ne4 h6 13. Qd3 0-0 14. Bxh6 Qh4 15. Bg5 Qh7 16. Nxc5 Qxd3 17. Nxd3 1-0

[Event "Cheliabinsk-ch 1L op"]
[Site "Cheliabinsk"]
[Date "2010.10.01"]
[Round "1"]
[White "Protasov, Valery"]
[Black "Krapivin, Viktor"]
[Result "0-1"]
[WhiteElo "1802"]
[BlackElo "1942"]
[PlyCount "42"]
[EventDate "2010.01.??"]
[EventType "swiss"]
[EventRounds "9"]
[EventCountry "RUS"]
[SourceTitle "EXT 2012"]
[Source "ChessBase"]
[SourceDate "2011.11.24"]
[SourceVersion "1"]
[SourceVersionDate "2011.11.24"]
[SourceQuality "1"]

1. c4 Nf6 2. Nc3 e6 3. g3 d5 4. cxd5 exd5 5. d4 Be7 6. Bg2 c6 7. Nf3 0-0 8. 0-0 Bf5 9. Re1 Qc7 10. Bf4 Bd6 11. Ne5 Nbd7 12. Nxd7 Qxd7 13. Bxd6 Qxd6 14. e4 Nxe4 15. Nxe4 Bxe4 16. Bxe4 dxe4 17. Rxe4 Rfe8 18. Qd3 Re6 19. Re3 Re4 20. Qd2 Ree8 21. Re4 Rf8 0-1

[Event "Cheliabinsk Kibizov Memorial 5th"]
[Site "Cheliabinsk"]
[Date "2010.06.30"]
[Round "7"]
[White "Kanakin, Konstantin"]
[Black "Krapivin, Viktor"]
[Result "1/2-1/2"]
[WhiteElo "1918"]
[BlackElo "1911"]
[PlyCount "89"]
[EventDate "2010.06.24"]
[EventType "swiss"]
[EventRounds "9"]
[EventCountry "RUS"]
[SourceTitle "EXT 2012"]
[Source "ChessBase"]
[SourceDate "2011.11.24"]
[SourceVersion "1"]
[SourceVersionDate "2011.11.24"]
[SourceQuality "1"]

1. d4 Nf6 2. c4 e6 3. Nc3 Bb4 4. a3 Bxc3+ 5. bxc3 c5 6. e3 Nc6 7. Nf3 d6 8. Bd3 0-0 9. 0-0 Qc7 10. Bd2 e5 11. dxe5 dxe5 12. e4 Rd8 13. Qc2 Bg4 14. Ne1 Rd6 15. f3 Be6 16. Be3 b6 17. h3 Rad8 18. f4 Ne8 19. f5 Bc8 20. Rf2 f6 21. Rd2 Na5 22. Rad1 Ba6 23. Be2 Kh8 24. Qa4 Qc6 25. Rxd6 Rxd6 26. Qxc6 Nxc6 27. Rb1 Rd8 28. Kf2 Na5 29. g4 Bxc4 30. g5 Bxe2 31. Kxe2 Kg8 32. g6 hxg6 33. fxg6 Nc7 34. h4 Ne6 35. h5 Nc4 36. Bc1 Kf8 37. Nf3 Nd6 38. h6 gxh6 39. Bxh6+ Kg8 40. Ke3 Nc4+ 41. Kf2 Nf4 42. Bxf4 exf4 43. Nh4 Kg7 44. Rg1 Ne5 45. Nf5+ 1/2-1/2